000
00289nam a22001337a 4500
008
170309b xxu||||| |||| 00| 0 eng d
020
_a
0030569885
041
_a
eng
080
_a
611
100
_a
6
101
_a
SHM
245
_a
MODERN HUMAN PHYSIOLOGY
_c
CORNETT, G.D
942
_2
udc
_c
BK
999
_c
7325
_d
7325